000 00753nam a2200241 u 4500
005 20240228063709.0
008 090526s1997 es r 000 0 spa d
020 _a8439286694
035 _aUPN01000170671
049 _aI
050 4 _aPZ35
_bS6.3
100 1 _aSmadja, Brigitte
245 1 0 _aHe decidido llamarme Max /
_cBrigitte Smadja ; il. Gabriela Rubio ; tr. Javier Franco.
260 _aMadrid :
_bGaviota,
_c1997.
300 _a95 p. :
_bil. col.
440 0 _aGaviota junior
534 _pTraducción de:
_tJ'ai décidé de m'appeler dominique
650 4 _aLiteratura infantil francesa
_913687
650 4 _aRelaciones de familia
_96077
700 1 _aRubio, Gabriela,
_d1966-
_eil.
_932416
905 _aInfantil
999 _c142776
_d142776